000
00258nam a22001097a 4500
082
_a
M1
_b
SRE/G
100
_a
Sreeman Namboodiri D
245
_a
Grameenakusumam
260
_a
s.l.
_b
Dreeman Namboodiri,
_c
1980.
650
_a
Literature Malayalam
942
_c
BK
999
_c
174964
_d
174964